Sports Quiz

Random Sports or Football Quiz

Name the footballer based on their career (Wikipedia) Quiz Stats

 Plays Quiz not verified by Sporcle

Score 0/25 Timer 10:00
0 Plays Today
% Correct
Frank Lampard
89.9%
David Beckham
89.4%
Zlatan Ibrahimovic
88.8%
Ronaldinho
87.2%
Zinedine Zidane
84%
Kaka
83.5%
Michael Carrick
83%
Gary Lineker
80.9%
Ronaldo
79.8%
Miroslav Klose
74.5%
Michel Platini
72.3%
Tim Cahill
71.3%
Ledley King
70.7%
% Correct
Eusebio
70.2%
Fabio Cannavaro
69.7%
Joey Barton
69.7%
Jaap Stam
66.5%
Maxwell
64.4%
Jimmy Floyd Hasselbaink
63.3%
Mark Van-Bommel
62.8%
Joleon Lescott
58.5%
Jermaine Pennant
56.9%
Dejan Stankovic
54.3%
Diego Simeone
47.3%
Thomas Hitzlsperger
42%

You're not logged in!

Compare scores with friends on all Sporcle quizzes.
OR
Log In

Show Comments

Extras

Created Aug 16, 2018ReportNominate
Tags:Football Quiz, Soccer Quiz

Top Quizzes Today


Score Distribution

Your Account Isn't Verified!

In order to create a playlist on Sporcle, you need to verify the email address you used during registration. Go to your Sporcle Settings to finish the process.

Report this User

Report this user for behavior that violates our Community Guidelines.

Details: